Hoyle's modern encyclopedia of card games; (Record no. 1110)

MARC details
000 -LEADER
fixed length control field 01054cam a2200301 4500
005 - DATE AND TIME OF LATEST TRANSACTION
control field 20260322212047.0
008 - FIXED-LENGTH DATA ELEMENTS--GENERAL INFORMATION
fixed length control field data
010 ## - LIBRARY OF CONGRESS CONTROL NUMBER
LC control number 73163085
020 ## - INTERNATIONAL STANDARD BOOK NUMBER
International Standard Book Number 0385076800
020 ## - INTERNATIONAL STANDARD BOOK NUMBER
International Standard Book Number 9780385076807
040 ## - CATALOGING SOURCE
Original cataloging agency DLC
Transcribing agency DLC
Modifying agency DLC
050 00 - LIBRARY OF CONGRESS CALL NUMBER
Classification number GV1243
Item number .G49
082 00 - DEWEY DECIMAL CLASSIFICATION NUMBER
Classification number 795.4
092 ## - LOCALLY ASSIGNED DEWEY CALL NUMBER (OCLC)
Classification number 795.4 Gib 2001
001 - CONTROL NUMBER
control field data
100 1# - MAIN ENTRY--PERSONAL NAME
Personal name Gibson, Walter B.
Dates associated with a name 1897-1985.
Fuller form of name (Walter Brown),
245 10 - TITLE STATEMENT
Title Hoyle's modern encyclopedia of card games;
Remainder of title rules of all the basic games and popular variations,
Statement of responsibility, etc. Walter B. Gibson.
250 ## - EDITION STATEMENT
Edition statement [1st ed.]
260 ## - PUBLICATION, DISTRIBUTION, ETC.
Place of publication, distribution, etc. Garden City, N.Y.,
Name of publisher, distributor, etc. Dolphin Books
Date of publication, distribution, etc. 2001.
300 ## - PHYSICAL DESCRIPTION
Extent 398 p.
Other physical details illus.
Dimensions 21 cm.
350 ## - PRICE (NR) (BK AM CF MU VM SE) [OBSOLETE]
Price {dollar}3.95
490 0# - SERIES STATEMENT
Series statement A Dolphin handbook
650 #0 - SUBJECT ADDED ENTRY--TOPICAL TERM
Topical term or geographic name entry element Card games
Form subdivision Dictionaries.
856 42 - ELECTRONIC LOCATION AND ACCESS
Materials specified Publisher description
Uniform Resource Identifier <a href="http://www.loc.gov/catdir/description/random0413/73163085.html">http://www.loc.gov/catdir/description/random0413/73163085.html</a>
906 ## - LOCAL DATA ELEMENT F, LDF (RLIN)
a 7
b cbc
c orignew
d 2
e ncip
f 19
g y-gencatlg
925 0# -
-- acquire
-- 1 shelf copy
-- policy default
991 ## -
-- c-GenColl
-- GV1243
-- .G49
-- 00012571215
-- Copy 1
-- BOOKS
Holdings
Withdrawn status Lost status Damaged status Not for loan Home library Current library Shelving location Date acquired Total checkouts Full call number Barcode Date last seen Price effective from Koha item type
        Centerville Centerville General stacks 22/03/2026   795.4 BC0011146 22/03/2026 22/03/2026 Books